Financial statements under the US GAAP and IFRS theory, concepts, problems of financial accounting

Gespeichert in:
Bibliographische Detailangaben
1. Verfasser: Saxunová, Darina
Format: Buch
Sprache:Englisch
Veröffentlicht: Praha Wolters Kluwer 2014
Schlagworte:
Tags: Tag hinzufügen
Keine Tags, Fügen Sie das erste Tag hinzu!

MARC

LEADER 00000nam a2200000 4500
001 0204366
005 20240313085800.8
020 |a 978-80-7478-646-4 
041 0 |a eng 
044 |a CZ 
245 1 0 |a Financial statements under the US GAAP and IFRS  |b theory, concepts, problems of financial accounting  |c Darina Saxunová 
264 1 |a Praha  |b Wolters Kluwer  |c 2014 
300 |a 190 s. 
610 2 0 |a výkazy finančné 
610 2 0 |a štandardy účtovné americké 
610 2 0 |a IFRS 
610 2 0 |a účtovníctvo finančné 
610 2 0 |a účtovníctvo podvojné 
610 2 0 |a súvaha 
100 1 |a Saxunová, Darina